HUMAN ANATOMY AND PHYSIOLOGY (Record no. 5981)

MARC details
000 -LEADER
fixed length control field 00417nam a22001577a 4500
005 - DATE AND TIME OF LATEST TRANSACTION
control field 20230119102827.0
008 - FIXED-LENGTH DATA ELEMENTS--GENERAL INFORMATION
fixed length control field 190911b xxu||||| |||| 00| 0 eng d
020 ## - INTERNATIONAL STANDARD BOOK NUMBER
ISBN 81-256-0080-9
041 ## - LANGUAGE CODE
Language code of text/sound track or separate title eng
100 ## - MAIN ENTRY--AUTHOR NAME
Personal name MAHESHWARI, B. UMA AND SAMPATH, Dr. K.
245 ## - TITLE STATEMENT
Title HUMAN ANATOMY AND PHYSIOLOGY
260 ## - PUBLICATION, DISTRIBUTION, ETC. (IMPRINT)
Place of publication DELHI
Name of publisher BIRLA PUB. PVT. LTD
300 ## - PHYSICAL DESCRIPTION
Number of Pages 216p,
650 ## - SUBJECT ADDED ENTRY--TOPICAL TERM
Topical Term PHARMACY
General subdivision B.PHARMA
942 ## - ADDED ENTRY ELEMENTS (KOHA)
Koha item type Books
Holdings
Lost status Damaged status Collection code Home library Current library Shelving location Date acquired Source of acquisition Cost, normal purchase price Accession Number Koha item type
    Reference JRU Library JRU Library SHELF-4-D 11/09/2019 PURCHESS 220.00 23492 Books
    PHARMACY JRU Library JRU Library Shelf - 23- H 11/09/2019 PURCHESS 220.00 23493 Books
    PHARMACY JRU Library JRU Library Shelf - 23- H 11/09/2019 PURCHESS 220.00 23494 Books
      JRU Library JRU Library Shelf - 23- H 11/09/2019 PURCHESS 220.00 23495 Books